Normal view
MARC view
- Lateral loads.
Entry Topical Term
001 - CONTROL NUMBER
- control field: 26992
003 - CONTROL NUMBER IDENTIFIER
- control field: NUST
005 - DATE AND TIME OF LATEST TRANSACTION
- control field: 20191216111417.0
008 - FIXED-LENGTH DATA ELEMENTS
- fixed length control field: 191216|| aca||aabn | a|a d
040 ## - CATALOGING SOURCE
- Original cataloging agency: NUST
- Transcribing agency: NUST
150 ## - HEADING--TOPICAL TERM
- Topical term or geographic name entry element: Lateral loads.
670 ## - SOURCE DATA FOUND
- Source citation: Work cat.: (NUST)0: Reese, Lymon C., 1917- 26991, Single piles and pile groups under lateral loading /, c2011.
